000 00516nam a2200193Ia 4500
999 _c11272
_d11272
008 141014s9999||||xx |||||||||||||| ||und||
010 _a11122
020 _aSISBN
040 _aANE
041 _aEs
082 _a346.983 C591 T2 Ejm3
100 _aClaro Solar, Luis
245 _aExplicaciones de Derecho Civil Chileno y Comparado,
_bDe las Personas
250 _aS/E
260 _aSantiago de Chile
_c1979
_bJuridica de Chile
300 _a556p/ 511p/ 611p
_c 26 cm
650 _aDerecho Civil Chileno y Comparado
650 _aDe las Personas
942 _cBK
_2ddc
_zNr.